00320cam a22000977a 4500008004000000082001900040245007600059260004300135300001100178700003300189180718b1949 xxu||||| |||| 00| 0 eng d aG295x54 C767/9 aConstituent Assembly Debates: official reportcby Lok Sabha Secretariat aNew DelhibLok Sabha Secretariatc1949 a1691+p aIndia. Lok Sabha Secretariat